Chemical principles (Record no. 23976)

MARC details
000 -LEADER
fixed length control field 00323nam a2200133Ia 4500
082 ## - DEWEY DECIMAL CLASSIFICATION NUMBER
Classification number 054
Item number MAS
100 ## - MAIN ENTRY--AUTHOR NAME
Personal name Masterton, William L
245 #0 - TITLE STATEMENT
Title Chemical principles
250 ## - EDITION STATEMENT
Edition statement Ed.3
260 ## - PUBLICATION, DISTRIBUTION, ETC. (IMPRINT)
Place of publication Philadelphia
Name of publisher Saunders
Year of publication 1973
700 ## - ADDED ENTRY--PERSONAL NAME
Personal name Slowinski, E J
942 ## - ADDED ENTRY ELEMENTS (KOHA)
Koha item type Books
Holdings
Withdrawn status Lost status Damaged status Not for loan Home library Current library Date acquired Cost, normal purchase price Full call number Accession Number Koha item type
        RRII Library RRII Library 16/12/2021 14.95 054 MAS 04666 Books